[Event "BL2-Sued 2223"]
[Site "Germany"]
[Date "2023.02.26"]
[Round "8.5"]
[White "Boguslawski, Oleg"]
[Black "Womacka, Mathias"]
[Result "1/2-1/2"]
[WhiteElo "2380"]
[BlackElo "2413"]
[PlyCount "40"]
[EventDate "2022.10.22"]
[EventType "team-tourn"]
[EventRounds "9"]
[EventCountry "GER"]
[SourceTitle "EXT 2024"]
[Source "ChessBase"]
[SourceDate "2023.10.10"]
[SourceVersion "1"]
[SourceVersionDate "2023.10.10"]
[SourceQuality "1"]
[WhiteTeam "Speyer Schwegenheim"]
[BlackTeam "Hofheim"]
[WhiteTeamCountry "GER"]
[BlackTeamCountry "GER"]

1. e4 c5 2. Nf3 d6 3. c3 Nf6 4. Be2 g6 5. 0-0 Bg7 6. d3 0-0 7. Be3 Nc6 8. Nbd2 e5 9. h3 Re8 10. a4 h6 11. Nh2 Be6 12. f4 exf4 13. Rxf4 Rc8 14. Qf1 b6 15. Rf2 d5 16. Rd1 d4 17. Bf4 Nd7 18. c4 Nde5 19. Ndf3 Qd7 20. b3 a6 1/2-1/2

[Event "BL2-Sued 2223"]
[Site "Germany"]
[Date "2022.11.25"]
[Round "6.6"]
[White "Boguslawski, Oleg"]
[Black "Cofman, Veaceslav"]
[Result "1-0"]
[WhiteElo "2380"]
[BlackElo "2211"]
[PlyCount "129"]
[EventDate "2022.10.22"]
[EventType "team-tourn"]
[EventRounds "9"]
[EventCountry "GER"]
[SourceTitle "EXT 2024"]
[Source "ChessBase"]
[SourceDate "2023.10.10"]
[SourceVersion "1"]
[SourceVersionDate "2023.10.10"]
[SourceQuality "1"]
[WhiteTeam "Speyer Schwegenheim"]
[BlackTeam "Eppingen"]
[WhiteTeamCountry "GER"]
[BlackTeamCountry "GER"]

1. e4 e6 2. d4 d5 3. Nc3 Nf6 4. Bg5 Be7 5. e5 Nfd7 6. h4 h6 7. Bxe7 Qxe7 8. f4 Nb6 9. Qd2 a6 10. Nf3 c5 11. Qf2 c4 12. a3 Qc7 13. h5 Nc6 14. g4 Bd7 15. Nh4 0-0-0 16. 0-0-0 Kb8 17. f5 f6 18. exf6 gxf6 19. fxe6 Bxe6 20. Be2 Bc8 21. Rhf1 Rhe8 22. Ng6 Ka8 23. Qxf6 Na4 24. Nxa4 Rxe2 25. Qf4 Qa5 26. Nc3 Ree8 27. Rfe1 Rg8 28. Rg1 b5 29. Ne5 Nxe5 30. dxe5 Qb6 31. Qd4 Qxd4 32. Rxd4 Be6 33. Ne2 Rg5 34. Nf4 Rxe5 35. g5 hxg5 36. Nxe6 Rxe6 37. Rxg5 Re2 38. Rgxd5 Rxd5 39. Rxd5 Rh2 40. Kb1 Kb7 41. Rg5 Kb6 42. Rg6+ Kc5 43. Rxa6 Rxh5 44. c3 Rh1+ 45. Ka2 Rg1 46. a4 bxa4 47. Rxa4 Kb5 48. Ra8 Rh1 49. Rg8 Rh5 50. Ka3 Rc5 51. Rb8+ Ka5 52. Rb4 Rc8 53. Ka2 Rc7 54. Kb1 Rc8 55. Kc2 Rc7 56. Kd2 Rd7+ 57. Ke2 Rh7 58. Ke3 Rh4 59. Kd2 Rg4 60. Kc2 Rh4 61. Kb1 Rg4 62. Ka2 Rh4 63. Ka3 Rg4 64. b3 Rh4 65. Rxc4 1-0

[Event "Oberliga Sued W 2122"]
[Site "Germany"]
[Date "2021.11.14"]
[Round "2.1"]
[White "Lang, Torsten"]
[Black "Boguslawski, Oleg"]
[Result "0-1"]
[WhiteElo "2296"]
[BlackElo "2376"]
[PlyCount "100"]
[EventDate "2021.10.24"]
[EventType "team-tourn"]
[EventRounds "9"]
[EventCountry "GER"]
[SourceTitle "EXT 2023"]
[Source "ChessBase"]
[SourceDate "2022.10.05"]
[SourceVersion "1"]
[SourceVersionDate "2022.10.05"]
[SourceQuality "1"]
[WhiteTeam "Landau"]
[BlackTeam "Speyer Schwegenheim II"]
[WhiteTeamCountry "GER"]
[BlackTeamCountry "GER"]

1. d4 Nf6 2. Nf3 e6 3. g3 b5 4. Bg2 Bb7 5. 0-0 Be7 6. c3 0-0 7. a4 b4 8. a5 Na6 9. Bg5 Rb8 10. Qd3 c5 11. Rd1 Qc8 12. Nbd2 h6 13. Bxf6 Bxf6 14. Ne4 Bxe4 15. Qxe4 bxc3 16. bxc3 d5 17. Qf4 Rb3 18. Rac1 c4 19. e4 Nc7 20. Nd2 Ra3 21. exd5 Nxd5 22. Bxd5 exd5 23. Qd6 Rxa5 24. Ra1 Rd8 25. Qb4 Ra6 26. Rxa6 Qxa6 27. Nf1 Qa2 28. Ne3 Qe2 29. Ra1 Bg5 30. Nf1 Qf3 31. h4 Bf6 32. Rxa7 Re8 33. Qb7 Re2 34. Qb8+ Kh7 35. Qf4 Qxf4 36. gxf4 Bxh4 37. Rxf7 Bxf2+ 38. Kh1 Be1 39. Rd7 Bxc3 40. Ng3 Re1+ 41. Kg2 Bxd4 42. Nf5 Rd1 43. Rxd5 c3 44. Nxd4 c2 45. Nxc2 Rxd5 46. Kf3 Kg6 47. Kg4 Rd3 48. Ne1 Rc3 49. Ng2 h5+ 50. Kh4 Rf3 0-1

[Event "Bundesliga 1920"]
[Site "Germany"]
[Date "2021.10.16"]
[Round "14.3"]
[White "Boguslawski, Oleg"]
[Black "Meier, Georg"]
[Result "0-1"]
[WhiteElo "2391"]
[BlackElo "2628"]
[PlyCount "56"]
[EventDate "2019.11.23"]
[EventType "team-tourn"]
[EventRounds "15"]
[EventCountry "GER"]
[SourceTitle "EXT 2022"]
[Source "ChessBase"]
[SourceDate "2021.10.06"]
[SourceVersion "1"]
[SourceVersionDate "2021.10.06"]
[SourceQuality "1"]
[WhiteTeam "Speyer Schwegenheim"]
[BlackTeam "Deizisau"]
[WhiteTeamCountry "GER"]
[BlackTeamCountry "GER"]

1. e4 e6 2. d4 d5 3. e5 c5 4. c3 Nc6 5. Nf3 Qb6 6. a3 c4 7. Nbd2 Na5 8. g3 Bd7 9. h4 0-0-0 10. Bh3 f5 11. 0-0 Nh6 12. Re1 Nf7 13. Rb1 Be7 14. Bf1 Qc7 15. b3 cxb3 16. Nxb3 Ba4 17. Nfd2 Qxc3 18. Re3 Qc7 19. Qf3 Nc6 20. Rc3 h5 21. Nc5 Bxc5 22. Rxc5 g5 23. Nb3 b6 24. hxg5 Rdg8 25. Qc3 Nfd8 26. Bb5 Bxb5 27. Rxb5 h4 28. Bf4 hxg3 0-1

[Event "Bundesliga 1920"]
[Site "Germany"]
[Date "2021.10.13"]
[Round "13.3"]
[White "Saric, Ivan"]
[Black "Boguslawski, Oleg"]
[Result "1-0"]
[WhiteElo "2650"]
[BlackElo "2391"]
[PlyCount "95"]
[EventDate "2019.11.23"]
[EventType "team-tourn"]
[EventRounds "15"]
[EventCountry "GER"]
[SourceTitle "EXT 2022"]
[Source "ChessBase"]
[SourceDate "2021.10.06"]
[SourceVersion "1"]
[SourceVersionDate "2021.10.06"]
[SourceQuality "1"]
[WhiteTeam "Hockenheim"]
[BlackTeam "Speyer Schwegenheim"]
[WhiteTeamCountry "GER"]
[BlackTeamCountry "GER"]

1. e4 c5 2. Nf3 Nc6 3. d4 cxd4 4. Nxd4 e5 5. Nb5 d6 6. N1c3 a6 7. Na3 Be7 8. Nc4 b5 9. Ne3 Nf6 10. Bd3 0-0 11. 0-0 b4 12. Ncd5 Be6 13. a3 a5 14. Bd2 Rb8 15. b3 Re8 16. Qe1 Qc8 17. axb4 Bxd5 18. exd5 Nxb4 19. Bc4 Qc5 20. Qd1 Bd8 21. Be1 Qc8 22. c3 Na6 23. b4 Re7 24. Bxa6 Qxa6 25. bxa5 Ra7 26. c4 g6 27. c5 dxc5 28. Bc3 Bc7 29. Qa4 Qd3 30. Ra3 Nxd5 31. Bxe5 Qd2 32. Bxc7 Nxc7 33. Qc6 Qb4 34. Rfa1 Ne6 35. h3 Qb5 36. Qd6 Rba8 37. a6 Nc7 38. Ng4 Ne8 39. Nh6+ Kg7 40. Nf5+ Kg8 41. Ne7+ Kh8 42. Qe5+ Ng7 43. Nd5 Qe8 44. Qd6 Ne6 45. Rb1 h5 46. Rb7 Qf8 47. Qxf8+ Nxf8 48. Nc7 1-0

[Event "Bundesliga 1718"]
[Site "Germany"]
[Date "2017.12.10"]
[Round "6.7"]
[White "Boguslawski, Oleg"]
[Black "Rafiee, Makan"]
[Result "0-1"]
[WhiteElo "2405"]
[BlackElo "2322"]
[PlyCount "100"]
[EventDate "2017.10.21"]
[EventType "team-tourn"]
[EventRounds "15"]
[EventCountry "GER"]
[SourceTitle "CBM 182"]
[Source "ChessBase"]
[SourceDate "2018.01.17"]
[SourceVersion "1"]
[SourceVersionDate "2018.01.17"]
[SourceQuality "1"]
[WhiteTeam "Hockenheim"]
[BlackTeam "Bayern Muenchen"]
[WhiteTeamCountry "GER"]
[BlackTeamCountry "GER"]

1. e4 e5 2. Nf3 Nc6 3. Bb5 a6 4. Ba4 Nf6 5. d3 b5 6. Bb3 Bc5 7. Nc3 h6 8. Nd5 d6 9. c3 Be6 10. 0-0 Bxd5 11. exd5 Ne7 12. d4 exd4 13. Nxd4 Qd7 14. Qf3 Bxd4 15. cxd4 Qf5 16. Qe2 Nfxd5 17. a4 b4 18. Bc4 a5 19. Bb5+ Kf8 20. Bd2 g6 21. Rad1 Kg7 22. Bc1 c6 23. Bc4 Rae8 24. Rd3 Qf6 25. Qd1 Nf5 26. Rf3 Re4 27. Bd3 Rxd4 28. Qc2 Nde7 29. b3 Qh4 30. Bxf5 Nxf5 31. Qxc6 Qe4 32. Qb6 Rc8 33. Bb2 Rc5 34. Rxf5 gxf5 35. Rd1 Kh7 36. Bxd4 Qxd4 37. Rf1 Qd5 38. h3 Qxb3 39. Qxd6 Qd5 40. Qf6 Rc6 41. Qb2 Rg6 42. f4 Qd3 43. h4 Re6 44. Rf3 Qe2 45. Qd4 Qe1+ 46. Kh2 Qxh4+ 47. Rh3 Re4 48. Qd5 Qxf4+ 49. Rg3 Qh4+ 50. Rh3 Qf6 0-1

[Event "Baden CupT finale"]
[Site "Baden"]
[Date "2016.07.17"]
[Round "5.3"]
[White "Riehle, Marco"]
[Black "Boguslawski, Oleg"]
[Result "0-1"]
[WhiteElo "2222"]
[BlackElo "2419"]
[PlyCount "54"]
[EventDate "2016.05.01"]
[EventType "team-k.o."]
[EventRounds "5"]
[EventCountry "GER"]
[SourceTitle "EXT 2018"]
[Source "ChessBase"]
[SourceDate "2017.10.13"]
[SourceVersion "1"]
[SourceVersionDate "2017.10.13"]
[SourceQuality "1"]
[WhiteTeam "Sasbach"]
[BlackTeam "Hockenheim"]
[WhiteTeamCountry "GER"]
[BlackTeamCountry "GER"]

1. e4 e5 2. Nf3 Nc6 3. Bc4 Bc5 4. b4 Bxb4 5. c3 Be7 6. d4 Na5 7. Be2 d6 8. Qa4+ c6 9. dxe5 dxe5 10. Nxe5 Nf6 11. 0-0 Qc7 12. Nf3 0-0 13. e5 b5 14. Qc2 Nd5 15. Bd3 g6 16. Nbd2 Rd8 17. Ne4 Bg4 18. Neg5 Bxg5 19. Bxg5 Bxf3 20. Bxd8 Qxd8 21. gxf3 Nf4 22. Rfd1 Qg5+ 23. Kf1 Re8 24. h4 Qxh4 25. Ke1 Nxd3+ 26. Qxd3 Rxe5+ 27. Kd2 Rd5 0-1

[Event "Bundesliga 1516"]
[Site "Germany"]
[Date "2016.04.10"]
[Round "13.1"]
[White "Boguslawski, Oleg"]
[Black "Carlstedt, Jonathan"]
[Result "0-1"]
[WhiteElo "2454"]
[BlackElo "2440"]
[PlyCount "97"]
[EventDate "2015.09.18"]
[EventType "team-tourn"]
[EventRounds "15"]
[EventCountry "GER"]
[SourceTitle "CBM 172"]
[Source "ChessBase"]
[SourceDate "2016.05.12"]
[SourceVersion "1"]
[SourceVersionDate "2016.05.12"]
[SourceQuality "1"]
[WhiteTeam "Hockenheim"]
[BlackTeam "Hamburger SK"]
[WhiteTeamCountry "GER"]
[BlackTeamCountry "GER"]

1. e4 e5 2. Nf3 Nc6 3. Bb5 a6 4. Ba4 Nf6 5. 0-0 Bc5 6. c3 b5 7. Bb3 d6 8. a4 Bg4 9. h3 Bxf3 10. Qxf3 Na5 11. Bc2 b4 12. d3 Rb8 13. Nd2 0-0 14. Qe2 Re8 15. Rb1 Qd7 16. Nb3 Bb6 17. Bg5 Qe6 18. Qd1 Nc6 19. a5 Ba7 20. Re1 h6 21. Bh4 Ne7 22. Nd2 bxc3 23. bxc3 Ng6 24. Bg3 Rxb1 25. Bxb1 Rb8 26. Nc4 d5 27. Nxe5 Nxe5 28. exd5 Nxd5 29. Bxe5 Re8 30. c4 Ne3 31. fxe3 Qxe5 32. Qa4 Bxe3+ 33. Kh1 Re7 34. d4 Qg3 35. Re2 g6 36. Qb3 Qf4 37. Qd1 Kf8 38. d5 Qxc4 39. Ba2 Qf4 40. Qb1 Kg7 41. Qe1 h5 42. Bc4 Qxc4 43. Rxe3 Rxe3 44. Qxe3 Kf6 45. Qe1 Qxd5 46. Kg1 Qd4+ 47. Kh1 c5 48. g3 c4 49. Qe8 0-1

[Event "Bundesliga 1415"]
[Site "Germany"]
[Date "2015.03.15"]
[Round "13.8"]
[White "Weber, Max"]
[Black "Boguslawski, Oleg"]
[Result "0-1"]
[WhiteElo "2187"]
[BlackElo "2441"]
[PlyCount "62"]
[EventDate "2014.10.18"]
[EventType "team-tourn"]
[EventRounds "15"]
[EventCountry "GER"]
[SourceTitle "CBM 166"]
[Source "ChessBase"]
[SourceDate "2015.05.11"]
[SourceVersion "1"]
[SourceVersionDate "2015.05.11"]
[SourceQuality "1"]
[WhiteTeam "Rostock"]
[BlackTeam "Hockenheim"]
[WhiteTeamCountry "GER"]
[BlackTeamCountry "GER"]

1. Nf3 d5 2. c4 c6 3. e3 Nf6 4. Nc3 a6 5. b3 Bg4 6. Bb2 e5 7. h3 Bxf3 8. Qxf3 Bb4 9. a3 Ba5 10. b4 Bc7 11. d3 0-0 12. Be2 Re8 13. e4 d4 14. Nb1 a5 15. 0-0 axb4 16. Nd2 bxa3 17. Rxa3 Rxa3 18. Bxa3 Na6 19. Nb3 Bd6 20. Bc1 Qb6 21. Bd1 Nd7 22. Qf5 Ndc5 23. Nxc5 Nxc5 24. Bc2 Qc7 25. h4 Qd7 26. Qg5 b5 27. cxb5 cxb5 28. Bd2 Rc8 29. Rc1 Ne6 30. Qg4 Ba3 31. Ra1 Bb2 0-1

[Event "Bundesliga 1415"]
[Site "Germany"]
[Date "2015.02.21"]
[Round "10.4"]
[White "Thiede, Lars"]
[Black "Boguslawski, Oleg"]
[Result "1/2-1/2"]
[WhiteElo "2443"]
[BlackElo "2441"]
[PlyCount "102"]
[EventDate "2014.10.18"]
[EventType "team-tourn"]
[EventRounds "15"]
[EventCountry "GER"]
[SourceTitle "CBM 165"]
[Source "ChessBase"]
[SourceDate "2015.03.11"]
[SourceVersion "1"]
[SourceVersionDate "2015.03.11"]
[SourceQuality "1"]
[WhiteTeam "Berlin SF"]
[BlackTeam "Hockenheim"]
[WhiteTeamCountry "GER"]
[BlackTeamCountry "GER"]

1. g3 e5 2. Bg2 Nc6 3. c4 g6 4. Nc3 Bg7 5. Nf3 d6 6. d3 f5 7. 0-0 Nf6 8. Rb1 a5 9. a3 0-0 10. b4 axb4 11. axb4 h6 12. b5 Ne7 13. Qb3 Be6 14. Bb2 g5 15. Ra1 Qd7 16. Nd2 c6 17. Ra4 Rxa4 18. Qxa4 f4 19. Qa7 Bh3 20. bxc6 Nxc6 21. Qa4 Bxg2 22. Kxg2 g4 23. Nd5 Qf7 24. Nxf6+ Bxf6 25. Ne4 Be7 26. f3 gxf3+ 27. Rxf3 d5 28. cxd5 Qxd5 29. gxf4 exf4 30. Qa1 Kh7 31. Kh1 Qe6 32. Qf1 Qg4 33. e3 Bg5 34. exf4 Ne7 35. Rg3 Qxf4 36. Nxg5+ hxg5 37. Qh3+ Kg8 38. Qh8+ Kf7 39. Qh5+ Ke6 40. Rxg5 Qf3+ 41. Qxf3 Rxf3 42. Rg3 Rxg3 43. hxg3 Kf5 44. Kg2 Kg4 45. Kf2 b5 46. Be5 b4 47. Ke2 Nc6 48. Bc7 b3 49. Kd2 b2 50. Kc2 Nb4+ 51. Kxb2 Nxd3+ 1/2-1/2

[Event "Bundesliga 1314"]
[Site "Germany"]
[Date "2014.04.06"]
[Round "15.8"]
[White "Boguslawski, Oleg"]
[Black "Guliyev, Namig"]
[Result "1-0"]
[WhiteElo "2442"]
[BlackElo "2559"]
[PlyCount "109"]
[EventDate "2013.10.12"]
[EventType "team-tourn"]
[EventRounds "15"]
[EventCountry "GER"]
[SourceTitle "CBM 160"]
[Source "ChessBase"]
[SourceDate "2014.05.15"]
[SourceVersion "1"]
[SourceVersionDate "2014.05.15"]
[SourceQuality "1"]
[WhiteTeam "Hockenheim"]
[BlackTeam "Eppingen"]
[WhiteTeamCountry "GER"]
[BlackTeamCountry "GER"]

1. e4 c5 2. Nf3 e6 3. d4 cxd4 4. Nxd4 Nf6 5. Nc3 d6 6. g4 h6 7. h4 Nc6 8. Rg1 h5 9. gxh5 Nxh5 10. Bg5 Nf6 11. Qd2 a6 12. 0-0-0 Bd7 13. f4 Be7 14. f5 Nxd4 15. Qxd4 Qa5 16. fxe6 fxe6 17. Bc4 Rc8 18. Bb3 Qe5 19. Qe3 b5 20. Bf4 Qc5 21. Rxg7 Qxe3+ 22. Bxe3 Rxc3 23. bxc3 Nxe4 24. c4 Rxh4 25. cxb5 axb5 26. Rf1 Rh8 27. Rg6 d5 28. Bd4 Ba3+ 29. Bb2 Bxb2+ 30. Kxb2 Ke7 31. Rg7+ Kd6 32. Rff7 Be8 33. Ra7 Rh1 34. Rgb7 Bc6 35. Rb8 Nc5 36. Rd8+ Bd7 37. Ka3 Rh4 38. Rb8 d4 39. Rb6+ Bc6 40. Rb8 e5 41. Rg8 Nb7 42. Rg7 Nd8 43. Rg6+ Kc5 44. Rc7 d3 45. c3 e4 46. Rc8 e3 47. Rxd8 e2 48. Rc8 b4+ 49. cxb4+ Kd4 50. Rgxc6 d2 51. Rd8+ Ke3 52. Re6+ Re4 53. Rxe4+ Kxe4 54. Re8+ Kd3 55. Rxe2 1-0

[Event "Bundesliga 1213"]
[Site "Germany"]
[Date "2013.04.07"]
[Round "15.5"]
[White "Boguslawski, Oleg"]
[Black "Kasimdzhanov, Rustam"]
[Result "0-1"]
[WhiteElo "2445"]
[BlackElo "2690"]
[PlyCount "64"]
[EventDate "2012.10.20"]
[EventType "team-tourn"]
[EventRounds "15"]
[EventCountry "GER"]
[SourceTitle "CBM 154"]
[Source "ChessBase"]
[SourceDate "2013.05.15"]
[SourceVersion "1"]
[SourceVersionDate "2013.05.15"]
[SourceQuality "1"]
[WhiteTeam "Hockenheim"]
[BlackTeam "Baden-Baden"]
[WhiteTeamCountry "GER"]
[BlackTeamCountry "GER"]

1. e4 g6 2. d4 d6 3. Nc3 c6 4. g3 Bg7 5. Bg2 Nf6 6. Nge2 0-0 7. 0-0 e5 8. h3 b5 9. a3 Bb7 10. Bg5 Nbd7 11. d5 cxd5 12. Nxd5 Bxd5 13. exd5 Qc7 14. Nc3 a6 15. Kh2 Nb6 16. Qe2 Nfd7 17. a4 b4 18. Na2 a5 19. c3 b3 20. Nc1 h6 21. Be3 Nc4 22. Be4 Nf6 23. f3 Rab8 24. Bg1 Rfc8 25. Rd1 Nh5 26. Rb1 Qd7 27. Bd3 Qxa4 28. Bxc4 Qxc4 29. Qxc4 Rxc4 30. Ne2 Rb5 31. Ra1 Nf6 32. Ra3 a4 0-1

[Event "Bundesliga 1112"]
[Site "Germany"]
[Date "2012.04.14"]
[Round "14.4"]
[White "Cyborowski, Lukasz"]
[Black "Boguslawski, Oleg"]
[Result "1-0"]
[WhiteElo "2543"]
[BlackElo "2467"]
[PlyCount "127"]
[EventDate "2011.10.14"]
[EventType "team-tourn"]
[EventRounds "15"]
[EventCountry "GER"]
[SourceTitle "CBM 148"]
[Source "ChessBase"]
[SourceDate "2012.05.16"]
[SourceVersion "1"]
[SourceVersionDate "2012.05.16"]
[SourceQuality "1"]
[WhiteTeam "Trier"]
[BlackTeam "Hockenheim"]
[WhiteTeamCountry "GER"]
[BlackTeamCountry "GER"]

1. Nf3 d5 2. d4 Nf6 3. c4 c6 4. Nbd2 Bf5 5. Nh4 Be6 6. e3 g6 7. b3 Bg7 8. Bb2 0-0 9. Be2 a5 10. 0-0 Na6 11. Nhf3 Nc7 12. Bd3 Bg4 13. Qc2 e6 14. cxd5 Bxf3 15. Nxf3 exd5 16. Ne5 Re8 17. Rae1 Ne4 18. f3 Nd6 19. Kh1 Ne6 20. f4 f6 21. Nf3 Nf8 22. f5 Ne4 23. Nd2 Nxd2 24. Qxd2 Qd6 25. e4 dxe4 26. Rxe4 Rxe4 27. Bxe4 Re8 28. Bd3 b6 29. Qc2 gxf5 30. Bxf5 Bh6 31. Be4 Re6 32. Bf3 Ng6 33. Qf5 Ne7 34. Qh3 Bg7 35. Ba3 Qd7 36. Be2 b5 37. Bd3 f5 38. Bxe7 Qxe7 39. Bxf5 Rh6 40. Qg4 Qd6 41. h3 Rf6 42. Rc1 Rf8 43. Qe4 h6 44. Rxc6 Qxd4 45. Qxd4 Bxd4 46. g4 Rf6 47. Rc7 Rd6 48. Bd3 b4 49. Bc4+ Kh8 50. Kg2 Rf6 51. Rd7 Bf2 52. Rd8+ Kg7 53. Rd5 Bb6 54. Rd7+ Kf8 55. h4 Rf2+ 56. Kg3 Rf6 57. g5 Rd6 58. Rf7+ Kg8 59. Rb7+ Kf8 60. Kg4 hxg5 61. hxg5 Bd8 62. Kf5 Rd2 63. g6 Rf2+ 64. Ke4 1-0

[Event "Neckar op-A 16th"]
[Site "Deizisau"]
[Date "2012.04.07"]
[Round "5.20"]
[White "Boguslawski, Oleg"]
[Black "Kappeler, Kaspar"]
[Result "0-1"]
[WhiteElo "2467"]
[BlackElo "2275"]
[PlyCount "69"]
[EventDate "2012.04.05"]
[EventType "swiss"]
[EventRounds "9"]
[EventCountry "GER"]
[SourceTitle "EXT 2015"]
[Source "ChessBase"]
[SourceDate "2014.11.20"]
[SourceVersion "1"]
[SourceVersionDate "2014.11.20"]
[SourceQuality "1"]

1. e4 c5 2. Nf3 e6 3. d4 cxd4 4. Nxd4 Nc6 5. Nb5 d6 6. c4 Nf6 7. N1c3 a6 8. Na3 Be7 9. Be2 0-0 10. 0-0 b6 11. Be3 Ne5 12. f4 Ned7 13. Bf3 Bb7 14. Qe2 Qc7 15. Rac1 Rac8 16. Bf2 Rfd8 17. Rfe1 Qb8 18. Nab1 Bc6 19. Nd2 b5 20. cxb5 axb5 21. b4 e5 22. f5 Nb6 23. Nxb5 d5 24. Bc5 Bxc5+ 25. Rxc5 Na4 26. exd5 Nxc5 27. dxc6 Nd3 28. c7 Qxb5 29. cxd8Q+ Rxd8 30. Rb1 Qb6+ 31. Kf1 Nf4 32. Qe1 Nd3 33. Qe2 Qd4 34. g3 Nxb4 35. Nb3 0-1

[Event "Neckar op-A 16th"]
[Site "Deizisau"]
[Date "2012.04.07"]
[Round "4"]
[White "Neyman, Igor"]
[Black "Boguslawski, Oleg"]
[Result "1/2-1/2"]
[WhiteElo "2306"]
[BlackElo "2467"]
[PlyCount "78"]
[EventDate "2012.04.05"]
[EventType "swiss"]
[EventRounds "9"]
[EventCountry "GER"]
[SourceTitle "CBM 147 Extra"]
[Source "ChessBase"]
[SourceDate "2012.04.24"]
[SourceVersion "1"]
[SourceVersionDate "2012.04.24"]
[SourceQuality "1"]

1. d4 d5 2. c4 c6 3. Nf3 Nf6 4. e3 a6 5. Bd3 e6 6. 0-0 dxc4 7. Bxc4 c5 8. Bb3 Nc6 9. Nc3 cxd4 10. exd4 Be7 11. Bg5 0-0 12. Re1 Bd7 13. a3 b5 14. Rc1 Rc8 15. d5 Nxd5 16. Nxd5 Bxg5 17. Nxg5 Na5 18. Rxc8 Bxc8 19. Nxh7 Kxh7 20. Ne3 Nxb3 21. Qxb3 Bb7 22. Rd1 Qc7 23. a4 bxa4 24. Qxa4 Kg8 25. h3 Qc6 26. Qd4 Rc8 27. Rd3 Qe4 28. Qxe4 Bxe4 29. Ra3 Rc1+ 30. Kh2 Rc6 31. f3 Bb1 32. g4 Kf8 33. Kg1 Ke7 34. h4 f6 35. Kf2 Rb6 36. Nc4 Rb4 37. b3 Bd3 38. Rxa6 Bxc4 39. bxc4 Rxc4 1/2-1/2

[Event "Bundesliga 1112"]
[Site "Germany"]
[Date "2012.02.26"]
[Round "11.6"]
[White "Polzin, Rainer"]
[Black "Boguslawski, Oleg"]
[Result "1-0"]
[WhiteElo "2469"]
[BlackElo "2467"]
[PlyCount "67"]
[EventDate "2011.10.14"]
[EventType "team-tourn"]
[EventRounds "15"]
[EventCountry "GER"]
[SourceTitle "CBM 148"]
[Source "ChessBase"]
[SourceDate "2012.05.16"]
[SourceVersion "1"]
[SourceVersionDate "2012.05.16"]
[SourceQuality "1"]
[WhiteTeam "Berlin SF"]
[BlackTeam "Hockenheim"]
[WhiteTeamCountry "GER"]
[BlackTeamCountry "GER"]

1. e4 e5 2. Nf3 Nc6 3. Bb5 a6 4. Ba4 Nf6 5. 0-0 Be7 6. Re1 b5 7. Bb3 0-0 8. d4 Nxd4 9. Nxd4 exd4 10. e5 Ne8 11. c3 dxc3 12. Nxc3 d6 13. Qf3 Be6 14. Nd5 Bxd5 15. Bxd5 Rb8 16. Be3 c5 17. Rad1 Qc7 18. e6 fxe6 19. Bxe6+ Kh8 20. Qh3 g6 21. Bd5 Bf6 22. Re2 Be5 23. Rde1 Ng7 24. Bh6 Qc8 25. g4 c4 26. Qh4 Qc5 27. Be4 Rf6 28. Be3 Qc7 29. f4 Rxf4 30. Bxf4 Bxf4 31. Bxg6 Qc5+ 32. Kg2 h6 33. Qf6 Bg5 34. Re8+ 1-0